000 00838nam a2200241Ia 4500
003 OSt
005 20220923230934.0
006 a|||||r|||| 00| 0
007 ta
008 220922b |||||||| |||| 00| 0 urd d
024 _a316,228
037 _cTextual
040 _aARTS
_cARTS
_burd
041 _2urd
_aurd
082 _aO168,1(Q4)x, 152L1
100 _aरहमान, फजलुल
_9156290
245 0 _aगौतम बुद्ध
_b हिन्दुस्तानी नज़म
246 _aGautam buddha: hindustānī naज़ma
260 _aहैदराबाद
_b अन्जुमन तरक्की उर्दू
_c1971
650 _aउर्दू कविता
942 _hO168,1(Q4)x, 152L1
_cTEXL
_2CC
999 _c388371
_d388371